Elles ont trop joué avec mon cœur - Jok'air - Statistiques

Statistiques générales
  • Ce quiz a été pris 94 fois
  • Le résultat moyen est 308 sur 400
Statistiques - réponses
Réponse % Correct
à
100%
Elles
100%
mon
100%
cœur
98%
joué
98%
on
98%
On
98%
trop
98%
avec
96%
de
96%
De
96%
ont
96%
jai
94%
le
94%
Ou
94%
ou
94%
amoureux
93%
deux
93%
93%
la
93%
les
93%
peur
93%
beurre
89%
Ne
89%
retomber
89%
buzz
87%
Depuis
87%
pour
87%
que
87%
ta
87%
je
83%
Je
83%
Et
81%
nétaient
81%
Sont
81%
sont
81%
Plus
78%
dans
74%
du
74%
tard
74%
ai
72%
ce
72%
dirai
72%
fils
72%
qui
72%
Qui
72%
pas
70%
te
70%
toutes
70%
sa
69%
aux
67%
des
67%
parce
67%
Parce
67%
ma
65%
attention
63%
Ces
63%
ces
63%
faire
63%
gens
63%
mêmes
63%
mère
61%
vie
61%
peut
59%
vice
59%
ceux
57%
meufs
57%
quelle
56%
créatures
54%
reuf
54%
souvent
54%
trahissent
54%
Ils
52%
leur
52%
nous
52%
respecter
52%
Tu
50%
tu
50%
aide
48%
dirais
48%
grande
48%
être
46%
mecs
46%
tappellent
46%
aussi
44%
ouvert
44%
gaffe
43%
ton
43%
dune
41%
honnêtes
41%
Une
41%
croiser
39%
peuvent
39%
veulent
39%
Bébé
37%
parfois
37%
seul
35%
autres
33%
jétais
33%
laissent
33%
quils
33%
tête
33%
ventre
33%
Avant
31%
causer
31%
cercueil
31%
haute
31%
lerreur
31%
peux
31%
Quand
31%
quand
31%
reum
31%
voulu
31%
fois
30%
hey
30%
mort
30%
Comme
28%
marcher
28%
tueurs
28%
vient
26%
yah
26%
Yah
26%
en
24%
faute
20%
Nique
17%
eh
15%
autour
13%
donnes
13%
honte
11%
ingrats
11%
incarnent
9%
Nattends
9%
retour
9%
rien
9%
sois
9%
compte
7%
jugé
7%
avare
6%
damour
6%
làhaut
6%
sera
6%
Aucun quiz correspondant
Distribution des résultats
% des personnes avec chaque résultat
Percentile par nombre de réponses
Votre historique - résultats
Vous n’avez pas pris ce quiz